000 00748nam a2200229 a 4500
999 _c12437
_d12437
001 12437
003 BD-JhCC
005 20220216101147.0
008 220216b2018 bg a|||| ||a| 000 0 ben d
020 _a9847016600647
035 _a(BD-JhCC)12437
040 _aBD-JhCC
_dBD-JhCC
041 _aBengali
082 _a597.176095492
_bRAH 2018
100 _aরহমান,মাহফুজুর
245 _aবৈজ্ঞানিক পদ্ধতিতে মাছ চাষ /
_cমাহফুজুর রহমান।
260 _aঢাকা :
_bআফসার ব্রাদার্স;
_c২০১৮.
300 _a126 p. :
_bill;
_c22 cm.
650 _aFreshwater Fishes
_zBangaldesh
942 _2ddc
_cBK